| 000 | 01015nam a2200277 i 4500 | ||
|---|---|---|---|
| 001 | 139021 | ||
| 003 | ES-MaACL | ||
| 005 | 20260122125922.0 | ||
| 007 | t| | ||
| 008 | 070214s1909 sp |||| |bspa d | ||
| 080 | _a929 Vizcaíno, Joaquín | ||
| 080 | _a94(460.27 M.)"18" | ||
| 100 | 1 |
_aSaralegui y Medina, Manuel de. _9103752 |
|
| 245 | 1 | 3 |
_aEl Corregidor de Pontejos y el Madrid de su tiempo / _cManuel de Saralegui y Medina. |
| 260 |
_aMadrid : _b[s.n.], _c1909 ( _fHijos de M.G. Hernández) |
||
| 300 |
_a214 p. : _b1 retr. ; _c20 cm. |
||
| 500 | _aCon el retrato del Marqués de Pontejos. | ||
| 530 | _aDisponible en formato digital. | ||
| 600 | 1 | 4 |
_aVizcaíno, Joaquín, _d1790-1840 _9150761 |
| 651 | 4 |
_aMadrid- _xHistoria- _yS.XIX. _98969 |
|
| 852 |
_aES-MaACL _jD-1235 _cSVI |
||
| 852 |
_aES-MaACL _jF-10518 _cSPP2 |
||
| 856 | 4 |
_uhttp://bnedigital.bne.es/bd/es/card?id=7f30b930-dd2e-4df6-9b48-4267b174d692 _y(Biblioteca Digital Hispánica) |
|
| 942 | _2udc | ||
| 999 |
_c139021 _d139021 |
||